Effectif Allemagne - Coupe du monde 2026 - Statistiques

Statistiques générales
  • Ce quiz a été pris 13 fois
  • Le résultat moyen est 16 sur 27
Statistiques - réponses
Poste Club Numéro Joueur % Correct
Défenseur Bayern Munich 4 Jonathan Tah
100%
Défenseur Bayern Munich 6 Joshua Kimmich
100%
Gardien Bayern Munich 1 Manuel Neuer
100%
Défenseur Real Madrid 2 Antonio Rüdiger
85%
Attaquant Arsenal FC 7 Kai Havertz
85%
Attaquant Galatasaray 19 Leroy Sané
85%
Milieu Bayern Munich 5 Aleksandar Pavlović
77%
Milieu Liverpool FC 17 Florian Wirtz
77%
Attaquant Newcastle United 11 Nick Woltemade
77%
Défenseur Borussia Dortmund 15 Nico Schlotterbeck
77%
Milieu Bayern Munich 10 Jamal Musiala
69%
Milieu Bayern Munich 25 Lennart Karl
69%
Milieu Bayern Munich 8 Leon Goretzka
69%
Gardien VfB Stuttgart 21 Alexander Nübel
54%
Défenseur Newcastle United 24 Malick Thiaw
54%
Gardien TSG 1899 Hoffenheim 12 Oliver Baumann
54%
Défenseur RB Leipzig 22 David Raum
46%
Attaquant VfB Stuttgart 26 Deniz Undav
46%
Milieu Brighton & Hove Albion 13 Pascal Gross
46%
Milieu VfB Stuttgart 16 Angelo Stiller
38%
Milieu Borussia Dortmund 23 Felix Nmecha
38%
Sélectionneur - - Julian Nagelsmann
38%
Défenseur Borussia Dortmund 3 Waldemar Anton
38%
Attaquant VfB Stuttgart 9 Jamie Leweling
31%
Attaquant Borussia Dortmund 14 Maximilian Beier
31%
Défenseur Eintracht Francfort 18 Nathaniel Brown
31%
Milieu 1.FSV Mainz 05 20 Nadiem Amiri
15%
Aucun quiz correspondant
Distribution des résultats
% des personnes avec chaque résultat
Percentile par nombre de réponses
Votre historique - résultats
Vous n’avez pas pris ce quiz